00605nam a2200181Ia 4500008004100000020001800041041000800059082001700067100001800084245006000102250001200162260005300174300000900227365000700236650002500243952013800268999001700406251210s2025 xx 000 0 und d a9788194869351 aeng a610.7362 PAL aPal, Panchali aTextbook of pediatric nursing for B.Sc nursing students a3rd ed. aNew DelhibCBS publishers and Distributorsc2025 a677p cRS aChild health nursing 00104070aCNbCNcR10S22d2025-10-27eCBS publishers and distributorsg1095.00l0o610.7362 PALpCN5858r2025-12-10w2025-12-10yCR c64151d64151